Property Litigation Association Birmingham Seminar with Maitland Chambers (Record no. 110315)

MARC details
000 -LEADER
fixed length control field 01114cad a22002775a 4500
001 - CONTROL NUMBER
control field E148987
008 - FIXED-LENGTH DATA ELEMENTS--GENERAL INFORMATION
fixed length control field 091210e20091007xxk f 100 0 eng d
035 ## - SYSTEM CONTROL NUMBER
System control number (Sirsi) u148987
041 0# - LANGUAGE CODE
Language code of text/sound track or separate title eng
050 04 - LIBRARY OF CONGRESS CALL NUMBER
Classification number 346.41043 $2 18
100 1# - MAIN ENTRY--PERSONAL NAME
Personal name Dutton, Timothy
111 2# - MAIN ENTRY--MEETING NAME
Meeting name or jurisdiction name as entry element Property Litigation Association Seminar
Number [OBSOLETE] Birmingham
245 00 - TITLE STATEMENT
Title Property Litigation Association Birmingham Seminar with Maitland Chambers
Remainder of title 7 October 2009
Medium [electronic resource]
260 ## - PUBLICATION, DISTRIBUTION, ETC.
Place of publication, distribution, etc. [S.l.]
Name of publisher, distributor, etc. PLA
Date of publication, distribution, etc. 2009
505 2# - FORMATTED CONTENTS NOTE
Formatted contents note Tenant default in a downturn -- The modern law of proprietary estoppel -- Problems and solutions in enforcing duties to repair in leases of commercial premises
520 ## - SUMMARY, ETC.
Summary, etc. Collection of conference papers from the Property Litigation Association's 2009 seminar in Birmingham.
521 2# - TARGET AUDIENCE NOTE
Target audience note Advanced
590 ## - LOCAL NOTE (RLIN)
Local note KA
651 #4 - SUBJECT ADDED ENTRY--GEOGRAPHIC NAME
Geographic name United Kingdom
Chronological subdivision
690 ## - LOCAL SUBJECT ADDED ENTRY--TOPICAL TERM (OCLC, RLIN)
Topical term or geographic name as entry element PROPERTY
700 1# - ADDED ENTRY--PERSONAL NAME
Personal name Wonnacott, Mark
700 1# - ADDED ENTRY--PERSONAL NAME
Personal name Thomas, Nigel
700 1# - ADDED ENTRY--PERSONAL NAME
Personal name Johnson, Edwin
856 40 - ELECTRONIC LOCATION AND ACCESS
Uniform Resource Identifier <a href="https://www.pla.org.uk/library/conference_papers">https://www.pla.org.uk/library/conference_papers</a>
Public note View the conference papers free of charge at www.pla.org.uk...
942 ## - ADDED ENTRY ELEMENTS (KOHA)
Suppress in OPAC 0
Holdings
Withdrawn status Lost status Source of classification or shelving scheme Damaged status Not for loan Home library Current library Shelving location Date acquired Total Checkouts Full call number Barcode Date last seen Copy number Price effective from Koha item type
    Dewey Decimal Classification     Virtual Virtual Online 10/12/2009   ONLINE PUBLICATION 148987-2001 06/08/2019 1 06/08/2019 Book